KOHA-Header-6

(ISC)² CISSP : (Record no. 13305)

000 -LEADER
fixed length control field 00709cam a22002295i 4500
020 ## - INTERNATIONAL STANDARD BOOK NUMBER
ISBN 9781119475927
020 ## - INTERNATIONAL STANDARD BOOK NUMBER
ISBN 9781119475927
020 ## - INTERNATIONAL STANDARD BOOK NUMBER
ISBN 9781119475927
082 ## - DEWEY DECIMAL CLASSIFICATION NUMBER
Classification number 005.8076
Item number 10371
100 1# - MAIN ENTRY--AUTHOR NAME
Personal name Seidl, David,
245 10 - TITLE STATEMENT
Title (ISC)² CISSP :
Remainder of title certified information systems security professional : official practice tests /
Statement of responsibility, etc Mike Capple, CISSP, David Seidle, CISSP.
250 ## - EDITION STATEMENT
Edition statement Second edition.
260 ## - PUBLICATION, DISTRIBUTION, ETC. (IMPRINT)
Place of publication Indiana
Name of publisher SYBEX
Year of publication 2018
300 ## - PHYSICAL DESCRIPTION
Number of Pages xiv, 441 pages :
Other physical details illustrations ;
300 ## - PHYSICAL DESCRIPTION
Number of Pages pages cm
500 ## - GENERAL NOTE
General note Includes index.
650 #0 - SUBJECT ADDED ENTRY--TOPICAL TERM
Topical Term Computer security
650 #7 - SUBJECT ADDED ENTRY--TOPICAL TERM
Topical Term COMPUTERS / Certification Guides.
650 #7 - SUBJECT ADDED ENTRY--TOPICAL TERM
Topical Term Computer security.
700 1# - ADDED ENTRY--PERSONAL NAME
Personal name Chapple, Mike,
942 ## - ADDED ENTRY ELEMENTS (KOHA)
Koha item type Computer Science
Holdings
Withdrawn status Lost status Permanent Location Current Location Shelving location Date acquired Full call number Accession Number Koha item type
    MAJU MAJU Shelf No.A32 2022-05-12 005.8076 10371 Computer Science

Powered by Koha